Score 0/12 Timer 00:45
1 Play Today
% Correct
Captain Nemo
95.8%
Neo
93.6%
Nanny McPhee
93.6%
Norman Bates
91.9%
Nosferatu
90%
Nazgûl
89.2%
Nick Carraway
88.2%
Nell Trent
86%
Napoleon
83.6%
Natasha Rostova
81.6%
Nero Wolfe
73.5%
Nancy Drew
65.4%
Remove Ads.
Support Sporcle.
Get the best of Sporcle when you Go Orange. This ad-free experience offers more features, more stats, and more fun while also helping to support Sporcle. Thank you for becoming a member.

You're not logged in!

Compare scores with friends on all Sporcle quizzes.
OR
Log In

Sporcle TV

Today on Sporcle TV


Watch our educational content, quiz creation guides, and fun videos on Sporcle TV.

Show Comments

Extras

Top Quizzes Today


Score Distribution

Paid Content

Your Account Isn't Verified!

In order to create a playlist on Sporcle, you need to verify the email address you used during registration. Go to your Sporcle Settings to finish the process.

Report this User

Report this user for behavior that violates our Community Guidelines.

Details: